Power system analysis (Record no. 1347)

000 -LEADER
fixed length control field 00590nam a2200229 a 4500
001 - CONTROL NUMBER
control field 1347
003 - CONTROL NUMBER IDENTIFIER
control field BD-DhUET
008 - FIXED-LENGTH DATA ELEMENTS--GENERAL INFORMATION
fixed length control field 931008s1994 nyua 001 0 eng
020 ## - INTERNATIONAL STANDARD BOOK NUMBER
International Standard Book Number 0070585156
020 ## - INTERNATIONAL STANDARD BOOK NUMBER
International Standard Book Number 0071133380
040 ## - CATALOGING SOURCE
Original cataloging agency DLC
Transcribing agency DLC
Modifying agency BD-DhUET
082 00 - DEWEY DECIMAL CLASSIFICATION NUMBER
Classification number 623.19
Item number GRA/1994
100 1# - MAIN ENTRY--PERSONAL NAME
Personal name Grainger, John J.
245 10 - TITLE STATEMENT
Title Power system analysis
250 ## - EDITION STATEMENT
Edition statement 1st ed.
260 ## - PUBLICATION, DISTRIBUTION, ETC. (IMPRINT)
Place of publication, distribution, etc. New York
Name of publisher, distributor, etc. McGraw-Hill
Date of publication, distribution, etc. 1994
300 ## - PHYSICAL DESCRIPTION
Extent xix, 787 p.
Other physical details ill.
504 ## - BIBLIOGRAPHY, ETC. NOTE
Bibliography, etc Includes bibliographies
650 #0 - SUBJECT ADDED ENTRY--TOPICAL TERM
Topical term or geographic name as entry element Electric power systems-Management
700 1# - ADDED ENTRY--PERSONAL NAME
Personal name Stevenson, William D.
942 ## - ADDED ENTRY ELEMENTS (KOHA)
Koha item type General Book
Holdings
Source of classification or shelving scheme Koha date last seen Lost status Piece designation (barcode) Price effective from Copy number Koha full call number Koha normalized classification for sorting Koha out on loan Sublocation or collection (holding branch) Koha renewals Koha item type Location (home branch) Date acquired Koha issues (times borrowed) Damaged status Not for loan Koha date last borrowed Shelving location Withdrawn status
 2024-06-01 1039602014-09-031623.19/GRA/1994623_000000000000000_19GRA1994 Central Library, BUET General BookCentral Library, BUET2014-09-035  2024-03-04Circulation section 
 2020-01-14 1039612014-09-032623.19/GRA/1994623_000000000000000_19GRA1994 Central Library, BUET General BookCentral Library, BUET2014-09-031  2019-05-06Circulation section 
 2025-11-03 1039622014-09-033623.19/GRA/1994623_000000000000000_19GRA1994 Central Library, BUET1General BookCentral Library, BUET2014-09-033  2025-07-13Circulation section 
 2025-04-22 1039632014-09-034623.19/GRA/1994623_000000000000000_19GRA1994 Central Library, BUET General BookCentral Library, BUET2014-09-031  2019-10-21Circulation section 
 2023-11-27 1039642014-09-035623.19/GRA/1994623_000000000000000_19GRA19942023-12-11Central Library, BUET General BookCentral Library, BUET2014-09-031  2023-11-27Circulation section 
 2016-01-26 1039652014-09-036623.19/GRA/1994623_000000000000000_19GRA1994 Central Library, BUET General BookCentral Library, BUET2014-09-03    Circulation section 
 2021-12-13 1039662014-09-037623.19/GRA/1994623_000000000000000_19GRA1994 Central Library, BUET2General BookCentral Library, BUET2014-09-031  2021-02-13Circulation section 
 2022-02-06 1039672014-09-038623.19/GRA/1994623_000000000000000_19GRA19942023-02-06Central Library, BUET General BookCentral Library, BUET2014-09-032  2022-02-06Circulation section 
 2025-05-03 1039682014-09-039623.19/GRA/1994623_000000000000000_19GRA19942025-05-17Central Library, BUET General BookCentral Library, BUET2014-09-035  2025-05-03Circulation section 
 2015-06-21 895292015-06-2110623.19/GRA/1994623_190000000000000_GRA_1994 Central Library, BUET Reading ItemCentral Library, BUET2015-06-21    Reading section 
 2015-06-21 911382015-06-2111623.19/GRA/1994623_190000000000000_GRA_1994 Central Library, BUET Reading ItemCentral Library, BUET2015-06-21    Reading section 
 2015-07-02 907772015-07-0212623.19/GRA/1994623_190000000000000_GRA_1994 Central Library, BUET Reading ItemCentral Library, BUET2015-07-02    Reading section